Proyecto de Ley de integración monetaria
Este artículo transcribe el "Proyecto de Ley de Integración Monetaria" dado a conocer públicamente en El Salvador el 27 de noviembre del 2000. El capítulo uno habla sobre disposiciones generales del cambio de moneda a dólares el segundo capítulo trata sobre disposiciones transitorias el...
Sábháilte in:
| Formáid: | Téacs |
|---|---|
| Ábhair: | |
| Clibeanna: |
Cuir clib leis
Níl clibeanna ann, Bí ar an gcéad duine le clib a chur leis an taifead seo!
|
MARC
| LEADER | 00000 a a2200000 04500 | ||
|---|---|---|---|
| 001 | 6419 | ||
| 003 | |||
| 040 | |||
| 245 | |a Proyecto de Ley de integración monetaria | ||
| 520 | |a Este artículo transcribe el "Proyecto de Ley de Integración Monetaria" dado a conocer públicamente en El Salvador el 27 de noviembre del 2000. El capítulo uno habla sobre disposiciones generales del cambio de moneda a dólares |a el segundo capítulo trata sobre disposiciones transitorias |a el tercero expresa las reformas, derogatorias y vigencia |a y el capítulo cinco señala los requisitos de liquidez. /MSD | ||
| 650 | |a POLITICA ECONOMICA | ||
| 650 | |a REFORMA ECONOMICA | ||
| 773 | |g volumen 21, número 933; páginas 12-16 | ||
| 999 | |c 37158 |d 37158 | ||
